Greek to English Country Names - Statistics

General Stats
  • This quiz has been taken 89 times
  • The average score is 19 of 21
Answer Stats
Greek English % Correct
Ιταλία Italy
100%
Μεξικό Mexico
100%
Μάλτα Malta
96%
Μαυριτανία Mauritania
96%
Νέα Ζηλανδία New Zealand
96%
Βολιβία Bolivia
95%
Καζακστάν Kazakhstan
95%
Υεμένη Yemen
95%
Τυνησία Tunisia
92%
Βοσνία και Ερζεγοβίνη Bosnia and Herzegovina
91%
Ιράκ Iraq
91%
Ομάν Oman
91%
Σάο Τομέ και Πρίνσιπε São Tomé and Príncipe
91%
Σλοβενία Slovenia
90%
Σλοβακία Slovakia
88%
Ταϊβάν Taiwan
88%
Κόσοβο Kosovo
87%
Μαλάουι Malawi
81%
Ινδία India
75%
Λαϊκή Δημοκρατία του Κονγκό Democratic Republic of the Congo
68%
Τόγκο Togo
60%
No matching quizzes found
Score Distribution
Percent of People with Each Score
Percentile by Number Answered
Your Score History
You have not taken this quiz